LEADER 01209nam a2200241 i 4500 001 000000028471 003 CaOOAMICUS 005 20181119124620.0 008 180830s1968 fr u100 u und u 040 $aSeMil$bita 111 0 $aCongrès international de Toronto <1967>.$0(OLS)http://semarc/name/12999 245 13$aLa Théologie du Renouveau :$btexte intégral des travaux présentés au Congrès international de Toronto /$cpublié sous la direction de Laurence K. Shook et Guy-M. Bertrand. 260 $aParis :$bLes Éditions du Cerf,$c1968. 260 $aMontréal :$bFides,$c1968. 300 $a2 v. ;$c22 cm. 700 1 $aShook, Laurence K. <1909->.$0(OLS)http://semarc/name/13000 700 1 $aBertrand, Guy-M.$0(OLS)http://semarc/name/12998 774 0 $t[1].$kCogitatio Fidei $w()65137 774 0 $t[2].$kCogitatio Fidei $w()220208 996 $6245$aLa Théologie du Renouveau :$btexte intégral des travaux présentés au Congrès international de Toronto$9(OLS)http://semarc/title/38649 996 $6260$aMontréal :$bFides$9(OLS)http://semarc/publisher/33119 996 $6260$aParis :$bLes Éditions du Cerf$9(OLS)http://semarc/publisher/29611 LEADER 01395nam a2200301 i 4500 001 000000149587 003 CaOOAMICUS 005 20250123115825.0 008 060407s2005 gw u000 u ger u 013 $a126911 020 $a3-451-26839-6 040 $aSeMil$bita 240 10$aBibbia. Antico Testamento. Geremia.$0(OLS)http://semarc/title/451684 245 10$aJeremia 26-52 /$cübersetzt und ausgelegt von Georg Fischer. 260 $aFreiburg ; Basel ; Wien :$bHerder,$c2005. 300 $a744 p. :$bill. ;$c25 cm. 490 0 $aHerders theologischer Kommentar zum Alten Testament 650 4$aBibbia. Antico Testamento. Geremia - Commentari, studi, critica, interpretazioni.$0(OLS)http://semarc/subject/29 650 4$aBibbia. Antico Testamento. Geremia, 26-52.$0(OLS)http://semarc/subject/29231 700 1 $aFischer, Georg,$c.$0(OLS)http://semarc/name/90482 830 0$aHerders theologischer Kommentar zum Alten Testament.$0(OLS)http://semarc/title/5798 850 $aSeMil 852 $aSeMil$W1$xVenegono$y1$m2YA B 29/2$j254028$B101790$CSeMilBibl$Z2$F110593 $81 961 $aSottoscrizione: Herder 996 $6020$a3-451-26839-6$9(OLS)http://semarc/number/138713 996 $6245$aJeremia 26-52$9(OLS)http://semarc/title/218631 996 $6260$aFreiburg ; Basel ; Wien :$bHerder$9(OLS)http://semarc/publisher/29643